书目信息 |
| 题名: |
《中华人民共和国行政监察法》问答
|
|
| 作者: | 本书编写组编 | |
| 分册: | ||
| 出版信息: | 北京 中国检察出版社 1998 |
|
| 页数: | 109页 | |
| 开本: | 19cm | |
| 丛书名: | ||
| 单 册: | ||
| 中图分类: | D922.114 | |
| 科图分类: | ||
| 主题词: | 行政--监察--法规--基本知识--中国 | |
| 电子资源: | ||
| ISBN: | 7-80086-528-2 | |
| 000 | 00687nam0 2200217 450 | |
| 001 | 0100659684 | |
| 005 | 20100628094648.0 | |
| 010 | @a7-80086-528-2@dCNY5.50 | |
| 011 | @a7-80086-528-2 | |
| 100 | @a20021005d1998 em y0chiy0110 ea | |
| 101 | 0 | @achi |
| 102 | @aCN@b110000 | |
| 105 | @ay zn 000yy | |
| 106 | @ar | |
| 200 | 1 | @a《中华人民共和国行政监察法》问答@9《 Zhong Hua Ren Min Gong He;Huo;Hu Guo Xing;Hang;Heng Zheng Jian Cha Fa 》 Wen Da @f本书编写组编@b专著 |
| 210 | @a北京@c中国检察出版社@d1998 | |
| 215 | @a109页@d19cm | |
| 606 | 0 | @a行政@x监察@x法规@x基本知识@y中国 |
| 690 | @aD922.114@v3 | |
| 801 | 0 | @aCN@bAiZhiMarc@c19980831 |
| 905 | @aBZT@dD922.114@e13@f1@sD922.114/13 | |
| 《中华人民共和国行政监察法》问答/本书编写组编.-北京:中国检察出版社,1998 |
| 109页;19cm |
| ISBN 7-80086-528-2:CNY5.50 |
| ● |
| 相关链接 |
|
|
|
正题名:《中华人民共和国行政监察法》问答
索取号:D922.114/13
 
预约/预借
| 序号 | 登录号 | 条形码 | 馆藏地/架位号 | 状态 | 备注 |
| 1 | 2000031760 | 2000031760 | 旧书回溯/ [索取号:D922.114/13] | 在馆 |